| 000 | 00788nam a2200193 i 4500 | ||
|---|---|---|---|
| 001 | 57706 | ||
| 003 | ES-MaACL | ||
| 005 | 20230906163627.0 | ||
| 007 | t| | ||
| 008 | 031017s1914 cu ||||1| spa d | ||
| 100 | 1 |
_aDomínguez Roldan, Guillermo. _945245 |
|
| 245 | 1 | 3 |
_aEl porvenir de la literatura / _cdiscurso de recepción del... Dr. Guillermo Dominguez Roldán...; discurso de contestación por el Dr. Max Henríquez Ureña. |
| 260 |
_aHabana : _b[s.n.], _c1914 ( _fEst. Tip. de El Avisador General) |
||
| 300 |
_a61 p. ; _c19 cm. |
||
| 594 | _aPrecede al tít.: Academia Nacional de Artes y Letras. Jesús Castellanos. | ||
| 650 | 4 |
_aLiteratura- _yS.XX- _xHistoria y crítica. _9139829 |
|
| 710 | 2 |
_aAcademia Nacional de Artes y Letras (Cuba) _91211 |
|
| 852 |
_aES-MaACL _j1615-F-18 |
||
| 999 |
_c57706 _d57706 |
||